| 000 | 01051cam a2200265 4500 | ||
|---|---|---|---|
| 008 | 020523n2002 000 0 eng u | ||
| 020 | _a0860175731 | ||
| 035 | _a(Sirsi) u118107 | ||
| 041 | _aeng. | ||
| 050 | _a624.15 | ||
| 100 | _aMitchell, J.M. | ||
| 245 | 2 | _aA guide to ground treatment | |
| 260 |
_aLondon _bCIRIA _c2002 |
||
| 300 |
_a246p. _bill _c30cm. |
||
| 490 |
_aCIRIA Publication _vC573 |
||
| 520 | _aAn introduction to ground treatment methods. Explains the available techniques and their variations through systematic descriptions of the physical principles, the equipment, the methods and the effectiveness that can be expected for each. Includes comparative studies and case histories to help with the selection process. | ||
| 650 | _aGROUND TREATMENT | ||
| 650 | _aBUILT ENVIRONMENT-BUILDING ELEMENTS-COMPLETE BUILDING ELEMENTS-FOUNDATIONS | ||
| 650 | _aGROUND IMPROVEMENT | ||
| 650 | _aSOIL IMPROVEMENT | ||
| 650 | _aFOUNDATION ENGINEERING | ||
| 690 | _aBUILT ENVIRONMENT | ||
| 700 | _aJardine, F.M. | ||
| 942 | _n0 | ||
| 999 |
_c102090 _d102090 |
||